Wszystkie piosenki - Diho - Statystyki

Ogólne statystyki
  • Ten quiz został rozwiązany 55 razy
    41 od ostatniego zresetowania
  • Średni wynik to 16 z 98
Statystyki odpowiedzi
Hint Odpowiedź % Poprawnych
Morda nie szklanka Pirat
85%
Morda nie szklanka Robiłaś to najlepiej
78%
Morda nie szklanka Szyby (feat. Alberto, Bibič & Josef Bratan)
67%
Morda nie szklanka Wielka szkoda (feat. Fagata)
67%
Naaajak (z Malik Montana) Naaajak
56%
Orangutan, Vol. 07 Orangutan
56%
Morda nie szklanka Antonio Banderas (feat. Josef Bratan)
52%
Morda nie szklanka No to cyk
52%
Orangutan, Vol. 07 Frugo
44%
Diho RaZ Szampana do ręki (feat. Sentino)
44%
Morda nie szklanka Bleeh
41%
Morda nie szklanka Nie ma sprawy (feat. Malik Montana & Kaz Bałagane)
41%
Morda nie szklanka Polak
41%
Naaajak (z Malik Montana) Rose Moët
41%
Morda nie szklanka Adidasy
30%
Morda nie szklanka Denaturat
30%
Muszę oddychać Intro
30%
Orangutan, Vol. 07 Intro
30%
Do odcięcia Do odcięcia
26%
Naaajak (z Malik Montana) Jojo
22%
Muszę oddychać Muszę oddychać
22%
Morda nie szklanka Przy aparaturze
22%
Morda nie szklanka Ten tego
22%
Morda nie szklanka Więcej
22%
Morda nie szklanka Z moich haseł
22%
Orangutan, Vol. 07 Lewandowski (feat. Cooks)
19%
Naaajak (z Malik Montana) Moment
19%
Naaajak (z Malik Montana) Nasza stolica
19%
Naaajak (z Malik Montana) Plan A
19%
Naaajak (z Malik Montana) Róże z betonu
19%
Diho RaZ Trach bum beng - DJ Farad Remix (feat. Rastamaniak)
19%
Diho RaZ Trach bum beng (feat. Rastamaniek)
19%
Diho RaZ Trach bum beng - Stronger Remix (feat. Rastamaniak)
19%
Naaajak (z Malik Montana) Chcemy więcej (feat. Martyna Nocek)
15%
Diho RaZ Fuck You (feat. Sentino)
15%
Orangutan, Vol. 07 Gwiazda porno
15%
Do odcięcia Historia
15%
Naaajak (z Malik Montana) Miliony kraść
15%
Grand Lever NaNaNa (feat. Białas & Malik Montana)
15%
Muszę oddychać Warszawa
15%
Orangutan, Vol. 07 Bonus (feat. Frosti & Berson)
11%
Orangutan, Vol. 07 Gruźlik
11%
Muszę oddychać Kochana
11%
Do odcięcia Nowe lata
11%
Orangutan, Vol. 07 Olewam (feat. Adam Graf)
11%
Do odcięcia Byle się napić
7%
Diho RaZ Chcę jej jej jej (feat. Rastamaniek)
7%
Grand Lever Czarowałeś
7%
Diho RaZ Dedykacja (feat. Laura Godziejewska)
7%
Orangutan, Vol. 07 Dolce jak Gabbana
7%
Muszę oddychać Film
7%
Grand Lever Gramy dla Bucks (feat. Smolasty)
7%
Orangutan, Vol. 07 Grube i chude
7%
Orangutan, Vol. 07 Hańcza (feat. Koldi)
7%
Grand Lever Jebać (feat. Kaz Bałagane)
7%
Do odcięcia Kochana mamo (feat. Satyr & Julia Hertmanowska)
7%
Do odcięcia Korporacja (feat. Sentino & Martyna Nocek)
7%
Grand Lever Krąg (feat. Żabson & Malik Montana)
7%
Diho RaZ Mówię
7%
Diho RaZ Muzyka cz. 4
7%
Diho RaZ Muzyka cz. 4 Remake (feat. Kacezet)
7%
Do odcięcia Nadal jesteśmy (feat. Rastamaniek)
7%
Orangutan, Vol. 07 Nastula (feat. Pablo Novacci)
7%
Grand Lever Nie mów nic (feat. Pikers)
7%
Muszę oddychać Plastik
7%
Grand Lever Pogoda
7%
Diho RaZ Reminder (feat. Emilia Alma)
7%
Do odcięcia Śmieję się z Was
7%
Do odcięcia Ulice są zimne (feat. Sentino)
7%
Grand Lever Zrób to sam
7%
Orangutan, Vol. 07 Co chcecie (feat. Young Igi)
4%
Grand Lever Człowiek pozór
4%
Orangutan, Vol. 07 Eklerki
4%
Grand Lever Goń wampiry
4%
Grand Lever Heathrow (feat. Rastamaniek)
4%
Grand Lever Ja już nie śpię (feat. Martyna Nocek)
4%
Muszę oddychać Kwestia wyboru (feat. Fotoz Muz)
4%
Muszę oddychać Lecę
4%
Do odcięcia Mam też
4%
Grand Lever Mamy wszystko (feat. Sentino & Adam Graf)
4%
Grand Lever Między nami
4%
Do odcięcia Milion zagadnień (feat. Adam Graf)
4%
Do odcięcia Miłość nie umiera
4%
Grand Lever Minimalizm (feat. Adam Graf)
4%
Do odcięcia Młody Werter (feat. Wersman)
4%
Grand Lever Musisz spadać
4%
Diho RaZ Nigdy nie wiesz (feat. Rollex, VNM & Fotoz Muz)
4%
Grand Lever Ona nie jest
4%
Diho RaZ Połowy (feat. Rastamaniek)
4%
Muszę oddychać Przysięgam (feat. Radiotechnik)
4%
Grand Lever Szary typ (feat. Frenchman)
4%
Do odcięcia Tony potu
4%
Muszę oddychać To trafne
4%
Muszę oddychać We własnych rękach
4%
Orangutan, Vol. 07 Winnetou
4%
Muszę oddychać Własnym tempem
4%
Do odcięcia Złamiecie cwaniaczka
4%
Muszę oddychać Zmienić ligę
4%
Nie znaleziono quizów pasujących do podanych kryteriów
Rozkład punktacji
Procent ludzi z każdym wynikiem
Percentyl według liczby udzielonych odpowiedzi
Twoja historia wyników
Nie rozwiązałeś tego quizu od ostatniego zresetowania